Antonyms in Countries of the World - Statistics

General Stats
  • This quiz has been taken 23 times
  • The average score is 5 of 15
Answer Stats
Hint Antonym Answer % Correct
Few Many Germany
59%
Coastal Inland Finland
47%
Apathy, lethargy Zeal New Zealand
47%
Comfort Pain Spain
47%
Heaven Hell Seychelles
41%
Hate Love Slovenia
41%
Sad, unwilling Glad Bangladesh
29%
Big Mini Dominica/Dominican Republic
29%
Young Old Moldova
29%
Amateur Ace North Macedonia
29%
Walk, lead Run Brunei/Burundi
24%
Praise, commend Pan Japan/Panama
24%
Teetotaler Sot Lesotho
24%
Good Bad Barbados
18%
Unexceptional, Nobody Star Costa Rica
12%
No matching quizzes found
Score Distribution
Percent of People with Each Score
Percentile by Number Answered
Your Score History
You have not taken this quiz